| 000 | 00775nam a2200229 i 4500 | ||
|---|---|---|---|
| 001 | bg | ||
| 100 | 1 | _aSZYPCIO, Zenon | |
| 245 | 1 | 0 |
_aStany efektywne plastycznego płynięcia ośrodków rozdrobnionych / _cZenon Szypcio. |
| 260 |
_aBiałystok : _bWydaw. PB, _c2002. |
||
| 300 |
_a145 s. : _bil. ; _c23 cm. |
||
| 490 | 1 |
_aRozprawy Naukowe / Politechnika Białostocka, _x0867-096X ; _vnr 88 |
|
| 504 | _aBibliogr. po rozdz. | ||
| 650 | 9 |
_aNaprężenia i odkształcenia _xbadanie |
|
| 650 | 9 |
_aOśrodki sypkie _xmechanika _xbadanie |
|
| 650 | 9 |
_aPlastyczność _xbadanie |
|
| 830 | 0 |
_aRozprawy Naukowe (Politechnika Białostocka) ; _vnr 88 |
|
| 040 | _cBPK | ||
| 041 | 0 | _apol | |
| 080 | _a621.926/.929:539.3/.5 | ||
| 942 | _cKS | ||
| 008 | s pl f |000 0 pol | ||
| 999 |
_c43101 _d43101 |
||
| 856 |
_uhttp://koha.tu.koszalin.pl/cgi-bin/koha/opac-detail.pl?biblionumber=43101 _yKatalog online BPK |
||